000 00710 a2200193 4500
001 28710
005 20260407155557.0
008 260407a1962 arg spa d
003 AR-UNSa-BCEJYS
040 _aAR-UNSa-BCEJYS
_bspa
_cAR-UNSa-BCEJYS
080 _a657
_xContabilidad
245 1 0 _aEjercicios de contabilidad superior
264 1 _aBarcelona :
_bLabor
_c1962
300 _a266 p.
_c23 cm.
505 _a1. Documentos contables de sociedades de inversiones - 2. Impuesto de utilidades e impuesto provincial - 3. Saldo de cuentas de socios - 4. Negocio de urbanizaciones - 5. Balance consolidado .............
942 _cBK
590 _aniveau_biblio:m niveau_hierar:0
100 1 _aKohler, Eric L.
999 _c1729
_d1729